Educational law simplified (Record no. 373028)

000 -LEADER
fixed length control field 00413cam a22001337a 4500
008 - FIXED-LENGTH DATA ELEMENTS--GENERAL INFORMATION
fixed length control field 180718b1949 xxu||||| |||| 00| 0 eng d
082 ## - DEWEY DECIMAL CLASSIFICATION NUMBER
Classification number P03x73 M34
100 ## - MAIN ENTRY--PERSONAL NAME
Personal name Marke, D.T.
245 ## - TITLE STATEMENT
Title Educational law simplified
Statement of responsibility, etc. by D.T. Marke
260 ## - PUBLICATION, DISTRIBUTION, ETC.
Place of publication, distribution, etc. New York
Name of publisher, distributor, etc. Oceana Publications
Date of publication, distribution, etc. 1949
300 ## - PHYSICAL DESCRIPTION
Extent 96p.
440 ## - SERIES STATEMENT/ADDED ENTRY--TITLE
Title Legal Almanac Series, No. 17
650 ## - SUBJECT ADDED ENTRY--TOPICAL TERM
Topical term or geographic name entry element Educational law and legislation --United States --States
Holdings
Withdrawn status Lost status Damaged status Not for loan Permanent Location Current Location Date acquired Full call number Barcode Date last seen Price effective from Koha item type
        Indian Institute of Public Administration Indian Institute of Public Administration 1994-06-18 P03x73 M34 9156 2018-07-21 2018-07-21 Book

Powered by Koha